[Event "Rapid Tournament (RAP)"]
[Site "Biel, CH"]
[Date "2025.07.13"]
[Round "2"]
[White "Chen, Yuan"]
[Black "Gao, Kai"]
[Result "1-0"]
[Board "13"]
[WhiteFideId "8618860"]
[BlackFideId "8607770"]
[WhiteElo "2248"]
[BlackElo "1906"]
[WhiteTeam "CHN"]
[BlackTeam "CHN"]
[WhiteClock "0:00:09"]
[BlackClock "0:00:17"]
[Variant "Standard"]

1. e4 {[%clk 0:15:07]}  c6 {[%clk 0:15:09]} 2. d4 {[%clk 0:15:10]}  d5 {[%clk 0:15:12]} 3. Nc3 {[%clk 0:15:05]}  dxe4 {[%clk 0:15:11]} 4. Nxe4 {[%clk 0:15:08]}  Nf6 {[%clk 0:15:09]} 5. Ng3 {[%clk 0:14:37]}  e6 {[%clk 0:15:05]} 6. Nf3 {[%clk 0:14:40]}  c5 {[%clk 0:14:35]} 7. Bd3 {[%clk 0:14:34]}  Nc6 {[%clk 0:14:28]} 8. dxc5 {[%clk 0:14:22]}  Bxc5 {[%clk 0:14:31]} 9. O-O {[%clk 0:14:25]}  O-O {[%clk 0:14:32]} 10. c3 {[%clk 0:14:24]}  Qc7 {[%clk 0:13:37]} 11. Qe2 {[%clk 0:14:05]}  b6 {[%clk 0:12:28]} 12. Ng5 {[%clk 0:12:23]}  h6 {[%clk 0:10:41]} 13. N5e4 {[%clk 0:12:24]}  Nxe4 {[%clk 0:10:41]} 14. Nxe4 {[%clk 0:12:21]}  Be7 {[%clk 0:10:38]} 15. Ng3 {[%clk 0:11:22]}  Bd6 {[%clk 0:07:30]} 16. Rd1 {[%clk 0:10:16]}  f5 {[%clk 0:06:11]} 17. Bc4 {[%clk 0:09:31]}  Kh8 {[%clk 0:05:09]} 18. Nf1 {[%clk 0:08:52]}  Ne5 {[%clk 0:04:18]} 19. Rxd6 {[%clk 0:06:45]}  Nxc4 {[%clk 0:04:10]} 20. Rd4 {[%clk 0:06:11]}  b5 {[%clk 0:04:04]} 21. b3 {[%clk 0:06:29]}  Nb6 {[%clk 0:03:03]} 22. Bf4 {[%clk 0:06:09]}  Qc6 {[%clk 0:01:55]} 23. Qh5 {[%clk 0:05:10]}  Kh7 {[%clk 0:01:24]} 24. Rad1 {[%clk 0:04:17]}  Bb7 {[%clk 0:01:22]} 25. Ne3 {[%clk 0:04:17]}  Rae8 {[%clk 0:01:06]} 26. Be5 {[%clk 0:03:03]}  Nd5 {[%clk 0:00:50]} 27. Nxd5 {[%clk 0:02:39]}  exd5 {[%clk 0:00:54]} 28. f4 {[%clk 0:02:42]}  Qxc3 {[%clk 0:00:53]} 29. R4d3 {[%clk 0:02:34]}  Qc5+ {[%clk 0:00:49]} 30. Bd4 {[%clk 0:02:37]}  Qb4 {[%clk 0:00:50]} 31. Bxg7 {[%clk 0:01:08]}  Qc5+ {[%clk 0:00:17]} 32. Bd4 {[%clk 0:00:29]}  Qb4 {[%clk 0:00:19]} 33. Qh4 {[%clk 0:00:18]}  Re6 {[%clk 0:00:10]} 34. Bc3 {[%clk 0:00:12]}  Qc5+ {[%clk 0:00:11]} 35. Bd4 {[%clk 0:00:16]}  Qb4 {[%clk 0:00:15]} 36. Rg3 {[%clk 0:00:02]}  Rg8 {[%clk 0:00:08]} 37. Rxg8 {[%clk 0:00:10]}  Kxg8 {[%clk 0:00:12]} 38. Qg3+ {[%clk 0:00:09]}  Kf7 {[%clk 0:00:12]} 39. h3 {[%clk 0:00:06]}  Rg6 {[%clk 0:00:13]} 40. Qf2 {[%clk 0:00:08]}  Re6 {[%clk 0:00:10]} 41. Rc1 {[%clk 0:00:11]}  Re7 {[%clk 0:00:10]} 42. Bc5 {[%clk 0:00:08]}  Qe4 {[%clk 0:00:10]} 43. Bxe7 {[%clk 0:00:09]}  Qxe7 {[%clk 0:00:15]} 44. Re1 {[%clk 0:00:10]}  Qc7 {[%clk 0:00:18]} 45. Qd4 {[%clk 0:00:10]}  Qd6 {[%clk 0:00:17]} 46. Re5 {[%clk 0:00:09]} 1-0

[Event "Rapid Tournament (RAP)"]
[Site "Biel, CH"]
[Date "2025.07.13"]
[Round "2"]
[White "Flueckiger, Georg"]
[Black "Rohrer, Christophe"]
[Result "0-1"]
[Board "14"]
[WhiteFideId "1342592"]
[BlackFideId "1326546"]
[BlackTitle "FM"]
[WhiteElo "1895"]
[BlackElo "2201"]
[WhiteTeam "SUI"]
[BlackTeam "SUI"]
[WhiteClock "0:11:00"]
[BlackClock "0:09:04"]
[Variant "Standard"]

1. e4 {[%clk 0:15:08]}  e5 {[%clk 0:15:08]} 2. Nf3 {[%clk 0:15:11]}  Nc6 {[%clk 0:15:11]} 3. Bc4 {[%clk 0:15:14]}  Bc5 {[%clk 0:15:12]} 4. O-O {[%clk 0:15:16]}  d6 {[%clk 0:15:15]} 5. d3 {[%clk 0:15:13]}  h6 {[%clk 0:14:46]} 6. h3 {[%clk 0:15:17]}  Qf6 {[%clk 0:14:47]} 7. Nc3 {[%clk 0:15:13]}  Nge7 {[%clk 0:14:41]} 8. Be3 {[%clk 0:15:12]}  Be6 {[%clk 0:12:31]} 9. Bxe6 {[%clk 0:14:54]}  Qxe6 {[%clk 0:12:28]} 10. Bxc5 {[%clk 0:14:57]}  dxc5 {[%clk 0:12:31]} 11. a3 {[%clk 0:14:13]}  g5 {[%clk 0:12:26]} 12. Nh2 {[%clk 0:14:15]}  h5 {[%clk 0:12:28]} 13. g4 {[%clk 0:12:29]}  O-O-O {[%clk 0:10:12]} 14. b4 {[%clk 0:12:15]}  Nd4 {[%clk 0:10:00]} 15. bxc5 {[%clk 0:11:43]}  Ng6 {[%clk 0:10:02]} 16. Ne2 {[%clk 0:11:34]}  Nxe2+ {[%clk 0:09:47]} 17. Qxe2 {[%clk 0:11:33]}  Nf4 {[%clk 0:09:51]} 18. Qe3 {[%clk 0:11:11]}  hxg4 {[%clk 0:09:46]} 19. hxg4 {[%clk 0:10:58]}  Rh3 {[%clk 0:09:47]} 20. f3 {[%clk 0:10:57]}  Rdh8 {[%clk 0:09:05]} 21. Qf2 {[%clk 0:11:01]}  Rxh2 {[%clk 0:08:57]} 22. Qxh2 {[%clk 0:11:03]}  Rxh2 {[%clk 0:09:00]} 23. Kxh2 {[%clk 0:11:06]}  Qh6+ {[%clk 0:08:56]} 24. Kg1 {[%clk 0:11:04]}  Qh4 {[%clk 0:09:00]} 25. Rf2 {[%clk 0:11:00]}  Nh3+ {[%clk 0:09:04]} 0-1

[Event "Rapid Tournament (RAP)"]
[Site "Biel, CH"]
[Date "2025.07.13"]
[Round "2"]
[White "Kappeler, Kaspar"]
[Black "Jordan, Theodor"]
[Result "1-0"]
[Board "15"]
[WhiteFideId "1309072"]
[BlackFideId "1353152"]
[WhiteTitle "FM"]
[WhiteElo "2178"]
[BlackElo "1894"]
[WhiteTeam "SUI"]
[BlackTeam "SUI"]
[WhiteClock "0:00:06"]
[BlackClock "0:00:08"]
[Variant "Standard"]

1. d4 {[%clk 0:15:08]}  d5 {[%clk 0:15:10]} 2. c4 {[%clk 0:15:12]}  c6 {[%clk 0:15:14]} 3. Nf3 {[%clk 0:15:15]}  Nf6 {[%clk 0:15:18]} 4. e3 {[%clk 0:15:19]}  e6 {[%clk 0:15:21]} 5. b3 {[%clk 0:15:21]}  Nbd7 {[%clk 0:15:16]} 6. Bb2 {[%clk 0:15:23]}  b6 {[%clk 0:15:14]} 7. Bd3 {[%clk 0:15:23]}  Bb7 {[%clk 0:15:16]} 8. O-O {[%clk 0:15:21]}  Rc8 {[%clk 0:15:19]} 9. Nbd2 {[%clk 0:14:55]}  Be7 {[%clk 0:15:22]} 10. Qe2 {[%clk 0:14:40]}  O-O {[%clk 0:15:02]} 11. Rad1 {[%clk 0:14:12]}  Qc7 {[%clk 0:14:46]} 12. e4 {[%clk 0:12:15]}  dxe4 {[%clk 0:14:35]} 13. Nxe4 {[%clk 0:12:18]}  Nxe4 {[%clk 0:13:29]} 14. Qxe4 {[%clk 0:12:21]}  Nf6 {[%clk 0:13:21]} 15. Qh4 {[%clk 0:11:50]}  h6 {[%clk 0:13:22]} 16. c5 {[%clk 0:10:26]}  Nd5 {[%clk 0:11:43]} 17. Qe4 {[%clk 0:10:28]}  Nf6 {[%clk 0:11:25]} 18. Qe3 {[%clk 0:07:49]}  Nd5 {[%clk 0:10:58]} 19. Qe1 {[%clk 0:07:12]}  Nf4 {[%clk 0:10:09]} 20. Bc4 {[%clk 0:05:48]}  Bf6 {[%clk 0:08:07]} 21. Qe4 {[%clk 0:04:37]}  b5 {[%clk 0:07:39]} 22. Ne5 {[%clk 0:02:21]}  bxc4 {[%clk 0:05:09]} 23. Qxf4 {[%clk 0:02:17]}  cxb3 {[%clk 0:05:09]} 24. axb3 {[%clk 0:02:50]}  Bxe5 {[%clk 0:04:32]} 25. dxe5 {[%clk 0:02:46]}  Ba6 {[%clk 0:03:56]} 26. Rfe1 {[%clk 0:02:44]}  Rcd8 {[%clk 0:03:39]} 27. Rd6 {[%clk 0:02:24]}  Qa5 {[%clk 0:02:57]} 28. b4 {[%clk 0:00:46]}  Qb5 {[%clk 0:01:52]} 29. h4 {[%clk 0:01:34]}  Rb8 {[%clk 0:01:24]} 30. Bc3 {[%clk 0:01:01]}  Rfd8 {[%clk 0:00:34]} 31. Red1 {[%clk 0:00:50]}  Rf8 {[%clk 0:00:25]} 32. h5 {[%clk 0:00:32]}  Qe2 {[%clk 0:00:21]} 33. Qh4 {[%clk 0:00:17]}  Bb5 {[%clk 0:00:16]} 34. Kh2 {[%clk 0:00:17]}  Rbc8 {[%clk 0:00:12]} 35. R1d4 {[%clk 0:00:20]}  a6 {[%clk 0:00:13]} 36. Rg4 {[%clk 0:00:15]}  Bd3 {[%clk 0:00:09]} 37. Rg3 {[%clk 0:00:16]}  Bf5 {[%clk 0:00:09]} 38. Rd2 {[%clk 0:00:10]}  Qe4 {[%clk 0:00:12]} 39. Qf6 {[%clk 0:00:07]}  g6 {[%clk 0:00:01]} 40. Re3 {[%clk 0:00:06]}  Qf4+ {[%clk 0:00:08]} 1-0

[Event "Rapid Tournament (RAP)"]
[Site "Biel, CH"]
[Date "2025.07.13"]
[Round "2"]
[White "Leonov, Leonid"]
[Black "Vemparala, Nikash"]
[Result "0-1"]
[Board "16"]
[WhiteFideId "1698052"]
[BlackFideId "30960967"]
[BlackTitle "CM"]
[WhiteElo "1894"]
[BlackElo "2178"]
[WhiteTeam "AUT"]
[BlackTeam "USA"]
[WhiteClock "0:00:43"]
[BlackClock "0:02:09"]
[Variant "Standard"]

1. e4 {[%clk 0:15:07]}  e5 {[%clk 0:15:09]} 2. Nf3 {[%clk 0:15:10]}  Nc6 {[%clk 0:15:13]} 3. Bc4 {[%clk 0:15:13]}  Bc5 {[%clk 0:15:15]} 4. c3 {[%clk 0:15:16]}  Nf6 {[%clk 0:15:19]} 5. d3 {[%clk 0:15:20]}  O-O {[%clk 0:15:18]} 6. O-O {[%clk 0:15:22]}  d6 {[%clk 0:15:22]} 7. Re1 {[%clk 0:15:25]}  a5 {[%clk 0:15:26]} 8. h3 {[%clk 0:15:27]}  Ba7 {[%clk 0:15:29]} 9. Bb3 {[%clk 0:15:27]}  h6 {[%clk 0:15:31]} 10. d4 {[%clk 0:15:27]}  Re8 {[%clk 0:15:03]} 11. Bc2 {[%clk 0:15:24]}  Bd7 {[%clk 0:14:51]} 12. Be3 {[%clk 0:15:14]}  exd4 {[%clk 0:14:48]} 13. cxd4 {[%clk 0:15:17]}  Nb4 {[%clk 0:14:03]} 14. Nc3 {[%clk 0:15:21]}  Nxc2 {[%clk 0:13:31]} 15. Qxc2 {[%clk 0:15:24]}  c6 {[%clk 0:10:59]} 16. e5 {[%clk 0:12:55]}  Nd5 {[%clk 0:08:10]} 17. Nxd5 {[%clk 0:12:44]}  cxd5 {[%clk 0:08:14]} 18. Rad1 {[%clk 0:11:42]}  Be6 {[%clk 0:07:47]} 19. Qb3 {[%clk 0:10:55]}  Qe7 {[%clk 0:07:16]} 20. Qb5 {[%clk 0:10:53]}  Qd7 {[%clk 0:06:42]} 21. Qxd7 {[%clk 0:10:45]}  Bxd7 {[%clk 0:06:46]} 22. exd6 {[%clk 0:10:41]}  f6 {[%clk 0:06:32]} 23. Bf4 {[%clk 0:10:20]}  Kf7 {[%clk 0:06:01]} 24. Rc1 {[%clk 0:09:46]}  Rxe1+ {[%clk 0:05:52]} 25. Rxe1 {[%clk 0:09:50]}  Re8 {[%clk 0:05:56]} 26. Rc1 {[%clk 0:09:54]}  Bb6 {[%clk 0:05:27]} 27. Be3 {[%clk 0:08:37]}  Re6 {[%clk 0:05:16]} 28. Ne1 {[%clk 0:08:25]}  Rxd6 {[%clk 0:05:18]} 29. Nd3 {[%clk 0:08:28]}  Rc6 {[%clk 0:04:18]} 30. Kf1 {[%clk 0:07:39]}  Rxc1+ {[%clk 0:04:03]} 31. Nxc1 {[%clk 0:07:42]}  Bb5+ {[%clk 0:04:07]} 32. Ke1 {[%clk 0:07:45]}  a4 {[%clk 0:04:06]} 33. Kd2 {[%clk 0:07:22]}  Bf1 {[%clk 0:03:40]} 34. Nd3 {[%clk 0:06:03]}  Bxg2 {[%clk 0:03:38]} 35. Nf4 {[%clk 0:06:00]}  Be4 {[%clk 0:03:41]} 36. Kc3 {[%clk 0:05:02]}  g5 {[%clk 0:03:35]} 37. Ne2 {[%clk 0:05:05]}  Ba5+ {[%clk 0:03:37]} 38. b4 {[%clk 0:05:08]}  axb3+ {[%clk 0:03:41]} 39. Kxb3 {[%clk 0:05:12]}  Bf5 {[%clk 0:03:28]} 40. Ng1 {[%clk 0:05:13]}  Ke6 {[%clk 0:03:16]} 41. Ka4 {[%clk 0:05:11]}  Bc7 {[%clk 0:03:20]} 42. Kb5 {[%clk 0:05:09]}  Bd3+ {[%clk 0:03:11]} 43. Kc5 {[%clk 0:04:54]}  b5 {[%clk 0:03:07]} 44. h4 {[%clk 0:03:47]}  Bd6+ {[%clk 0:03:11]} 45. Kc6 {[%clk 0:03:48]}  gxh4 {[%clk 0:03:04]} 46. Bxh6 {[%clk 0:03:51]}  Bf1 {[%clk 0:02:35]} 47. Bg7 {[%clk 0:03:08]}  Bf4 {[%clk 0:01:45]} 48. Bf8 {[%clk 0:02:44]}  h3 {[%clk 0:01:33]} 49. Nxh3 {[%clk 0:02:48]}  Bxh3 {[%clk 0:01:36]} 50. Kxb5 {[%clk 0:02:51]}  Bf1+ {[%clk 0:01:28]} 51. Kc6 {[%clk 0:02:32]}  Bd2 {[%clk 0:01:39]} 52. a4 {[%clk 0:02:12]}  Be1 {[%clk 0:01:37]} 53. f3 {[%clk 0:01:40]}  Be2 {[%clk 0:01:38]} 54. f4 {[%clk 0:01:12]}  f5 {[%clk 0:01:35]} 55. Bd6 {[%clk 0:01:11]}  Bd1 {[%clk 0:01:37]} 56. Be5 {[%clk 0:00:46]}  Bxa4+ {[%clk 0:01:41]} 57. Kc5 {[%clk 0:00:50]}  Bb3 {[%clk 0:01:45]} 58. Kb5 {[%clk 0:00:48]}  Bc4+ {[%clk 0:01:49]} 59. Kc5 {[%clk 0:00:51]}  Bd2 {[%clk 0:01:50]} 60. Kc6 {[%clk 0:00:52]}  Bb4 {[%clk 0:01:44]} 61. Kb6 {[%clk 0:00:53]}  Kf7 {[%clk 0:01:46]} 62. Kc6 {[%clk 0:00:55]}  Kg6 {[%clk 0:01:51]} 63. Kd7 {[%clk 0:00:57]}  Kh5 {[%clk 0:01:53]} 64. Ke6 {[%clk 0:01:01]}  Kg4 {[%clk 0:01:57]} 65. Bc7 {[%clk 0:01:02]}  Bd2 {[%clk 0:02:00]} 66. Bd6 {[%clk 0:00:36]}  Bxf4 {[%clk 0:02:01]} 67. Bb4 {[%clk 0:00:40]}  Be3 {[%clk 0:02:05]} 68. Bc3 {[%clk 0:00:43]}  f4 {[%clk 0:02:09]} 0-1

[Event "Rapid Tournament (RAP)"]
[Site "Biel, CH"]
[Date "2025.07.13"]
[Round "2"]
[White "Shvedova, Alexandra"]
[Black "Lang, Fabian"]
[Result "1-0"]
[Board "17"]
[WhiteFideId "54154782"]
[BlackFideId "1310160"]
[WhiteTitle "WFM"]
[WhiteElo "2177"]
[BlackElo "1892"]
[WhiteTeam "ITA"]
[BlackTeam "SUI"]
[WhiteClock "0:08:30"]
[BlackClock "0:04:35"]
[Variant "Standard"]

1. e4 {[%clk 0:15:07]}  c5 {[%clk 0:14:59]} 2. Ne2 {[%clk 0:15:10]}  a6 {[%clk 0:15:00]} 3. g3 {[%clk 0:15:07]}  e5 {[%clk 0:14:55]} 4. Bg2 {[%clk 0:15:10]}  Nc6 {[%clk 0:14:59]} 5. c3 {[%clk 0:15:07]}  Nf6 {[%clk 0:14:19]} 6. O-O {[%clk 0:14:44]}  d6 {[%clk 0:14:19]} 7. d4 {[%clk 0:14:42]}  Be7 {[%clk 0:13:54]} 8. h3 {[%clk 0:14:37]}  O-O {[%clk 0:13:49]} 9. Be3 {[%clk 0:14:30]}  b5 {[%clk 0:12:19]} 10. Nd2 {[%clk 0:13:04]}  Bb7 {[%clk 0:11:57]} 11. d5 {[%clk 0:12:27]}  Nb8 {[%clk 0:11:41]} 12. g4 {[%clk 0:12:26]}  Ne8 {[%clk 0:09:32]} 13. Ng3 {[%clk 0:11:23]}  Bg5 {[%clk 0:09:05]} 14. Qe2 {[%clk 0:11:22]}  Nd7 {[%clk 0:08:50]} 15. a4 {[%clk 0:10:25]}  c4 {[%clk 0:06:21]} 16. Bxg5 {[%clk 0:09:14]}  Qxg5 {[%clk 0:07:17]} 17. axb5 {[%clk 0:09:17]}  axb5 {[%clk 0:07:21]} 18. Rxa8 {[%clk 0:09:20]}  Bxa8 {[%clk 0:07:25]} 19. Ra1 {[%clk 0:09:23]}  Qd8 {[%clk 0:06:52]} 20. b3 {[%clk 0:09:00]}  cxb3 {[%clk 0:05:57]} 21. Nxb3 {[%clk 0:09:03]}  Qb6 {[%clk 0:05:34]} 22. Rxa8 {[%clk 0:09:04]}  g6 {[%clk 0:04:49]} 23. Bf1 {[%clk 0:08:45]}  b4 {[%clk 0:04:33]} 24. cxb4 {[%clk 0:08:42]}  Qxb4 {[%clk 0:04:35]} 25. Qb5 {[%clk 0:08:30]} 1-0

[Event "Rapid Tournament (RAP)"]
[Site "Biel, CH"]
[Date "2025.07.13"]
[Round "2"]
[White "Tereshchenko, Eva"]
[Black "Harish, Neeraj"]
[Result "0-1"]
[Board "18"]
[WhiteFideId "34389903"]
[BlackFideId "30958130"]
[BlackTitle "CM"]
[WhiteElo "1892"]
[BlackElo "2175"]
[WhiteTeam "FID"]
[BlackTeam "USA"]
[WhiteClock "0:00:08"]
[BlackClock "0:03:14"]
[Variant "Standard"]

1. e4 {[%clk 0:15:09]}  c5 {[%clk 0:15:08]} 2. Nf3 {[%clk 0:15:12]}  Nc6 {[%clk 0:15:11]} 3. Bb5 {[%clk 0:15:16]}  e6 {[%clk 0:15:13]} 4. O-O {[%clk 0:15:18]}  Nge7 {[%clk 0:15:15]} 5. Bxc6 {[%clk 0:15:19]}  Nxc6 {[%clk 0:15:16]} 6. Nc3 {[%clk 0:15:20]}  Be7 {[%clk 0:15:09]} 7. Re1 {[%clk 0:15:23]}  O-O {[%clk 0:15:10]} 8. d4 {[%clk 0:15:21]}  cxd4 {[%clk 0:15:13]} 9. Nxd4 {[%clk 0:15:24]}  d6 {[%clk 0:15:11]} 10. Be3 {[%clk 0:15:21]}  Nxd4 {[%clk 0:14:29]} 11. Bxd4 {[%clk 0:15:21]}  e5 {[%clk 0:14:32]} 12. Be3 {[%clk 0:15:23]}  Be6 {[%clk 0:14:35]} 13. Nd5 {[%clk 0:15:19]}  Bg5 {[%clk 0:14:37]} 14. c4 {[%clk 0:13:47]}  b6 {[%clk 0:14:08]} 15. Qd2 {[%clk 0:13:36]}  Bxe3 {[%clk 0:14:10]} 16. Rxe3 {[%clk 0:13:33]}  Rc8 {[%clk 0:14:04]} 17. b3 {[%clk 0:12:42]}  f5 {[%clk 0:13:36]} 18. exf5 {[%clk 0:12:26]}  Rxf5 {[%clk 0:13:33]} 19. Rg3 {[%clk 0:12:19]}  Qd7 {[%clk 0:12:33]} 20. Rd1 {[%clk 0:09:46]}  Rff8 {[%clk 0:09:56]} 21. Nc3 {[%clk 0:11:15]}  Rcd8 {[%clk 0:09:53]} 22. Ne4 {[%clk 0:10:37]}  d5 {[%clk 0:09:22]} 23. Qg5 {[%clk 0:08:06]}  Qf7 {[%clk 0:08:14]} 24. cxd5 {[%clk 0:05:47]}  Bxd5 {[%clk 0:07:47]} 25. Rf3 {[%clk 0:04:45]}  Bxe4 {[%clk 0:07:21]} 26. Rxd8 {[%clk 0:04:17]}  Bxf3 {[%clk 0:06:24]} 27. gxf3 {[%clk 0:04:13]}  Qxf3 {[%clk 0:05:46]} 28. Rxf8+ {[%clk 0:03:28]}  Qxf8 {[%clk 0:05:42]} 29. Qxe5 {[%clk 0:03:30]}  h6 {[%clk 0:05:42]} 30. Qe6+ {[%clk 0:03:08]}  Qf7 {[%clk 0:05:17]} 31. Qc8+ {[%clk 0:03:07]}  Kh7 {[%clk 0:05:21]} 32. Qc1 {[%clk 0:01:34]}  Qg6+ {[%clk 0:05:19]} 33. Kh1 {[%clk 0:01:21]}  Qe4+ {[%clk 0:05:22]} 34. Kg1 {[%clk 0:01:21]}  h5 {[%clk 0:05:14]} 35. Qd2 {[%clk 0:00:31]}  h4 {[%clk 0:05:04]} 36. Qd1 {[%clk 0:00:13]}  g6 {[%clk 0:04:56]} 37. Qd7+ {[%clk 0:00:16]}  Kh6 {[%clk 0:05:00]} 38. Qd2+ {[%clk 0:00:17]}  Kh5 {[%clk 0:04:47]} 39. h3 {[%clk 0:00:16]}  Qf3 {[%clk 0:04:41]} 40. Kh2 {[%clk 0:00:11]}  Qe4 {[%clk 0:04:18]} 41. Qd1+ {[%clk 0:00:12]}  Kg5 {[%clk 0:04:17]} 42. Qd8+ {[%clk 0:00:13]}  Kf5 {[%clk 0:03:51]} 43. Qd7+ {[%clk 0:00:15]}  Kf4 {[%clk 0:03:39]} 44. Qg4+ {[%clk 0:00:10]}  Ke5 {[%clk 0:03:42]} 45. Qg5+ {[%clk 0:00:12]}  Kd4 {[%clk 0:03:42]} 46. Qd2+ {[%clk 0:00:12]}  Kc5 {[%clk 0:03:36]} 47. Qc3+ {[%clk 0:00:10]}  Kd5 {[%clk 0:03:35]} 48. Qd2+ {[%clk 0:00:08]}  Qd4 {[%clk 0:03:38]} 49. Qc2 {[%clk 0:00:09]}  Qf4+ {[%clk 0:03:36]} 50. Kg1 {[%clk 0:00:10]}  g5 {[%clk 0:03:30]} 51. Qd3+ {[%clk 0:00:13]}  Qd4 {[%clk 0:03:32]} 52. Qf5+ {[%clk 0:00:14]}  Qe5 {[%clk 0:03:36]} 53. Qd3+ {[%clk 0:00:15]}  Kc6 {[%clk 0:03:34]} 54. Qc4+ {[%clk 0:00:10]}  Kd6 {[%clk 0:03:34]} 55. Qd3+ {[%clk 0:00:12]}  Qd5 {[%clk 0:03:27]} 56. Qg6+ {[%clk 0:00:13]}  Kc5 {[%clk 0:03:29]} 57. Qc2+ {[%clk 0:00:09]}  Kb5 {[%clk 0:03:30]} 58. Qe2+ {[%clk 0:00:07]}  Kc6 {[%clk 0:03:23]} 59. Qc2+ {[%clk 0:00:11]}  Kb7 {[%clk 0:03:27]} 60. Qh7+ {[%clk 0:00:10]}  Ka6 {[%clk 0:03:31]} 61. Qc2 {[%clk 0:00:13]}  Qe6 {[%clk 0:03:01]} 62. Qd3+ {[%clk 0:00:14]}  Kb7 {[%clk 0:03:04]} 63. Kh2 {[%clk 0:00:08]}  Qe5+ {[%clk 0:03:05]} 64. Kg2 {[%clk 0:00:10]}  a5 {[%clk 0:03:07]} 65. Qh7+ {[%clk 0:00:09]}  Kc6 {[%clk 0:03:06]} 66. Qc2+ {[%clk 0:00:11]}  Qc5 {[%clk 0:03:05]} 67. Qg6+ {[%clk 0:00:10]}  Kb5 {[%clk 0:02:56]} 68. Qd3+ {[%clk 0:00:10]}  Kb4 {[%clk 0:02:57]} 69. Qd2+ {[%clk 0:00:07]}  Ka3 {[%clk 0:02:59]} 70. Qe2 {[%clk 0:00:09]}  Qd5+ {[%clk 0:02:56]} 71. f3 {[%clk 0:00:08]}  Qd6 {[%clk 0:02:57]} 72. Qf2 {[%clk 0:00:09]}  Qg3+ {[%clk 0:02:37]} 73. Qxg3 {[%clk 0:00:12]}  hxg3 {[%clk 0:02:40]} 74. Kxg3 {[%clk 0:00:16]}  Kxa2 {[%clk 0:02:44]} 75. h4 {[%clk 0:00:12]}  gxh4+ {[%clk 0:02:48]} 76. Kxh4 {[%clk 0:00:16]}  Kxb3 {[%clk 0:02:51]} 77. f4 {[%clk 0:00:20]}  a4 {[%clk 0:02:56]} 78. f5 {[%clk 0:00:24]}  a3 {[%clk 0:03:00]} 79. f6 {[%clk 0:00:29]}  a2 {[%clk 0:03:03]} 80. f7 {[%clk 0:00:32]}  a1=Q {[%clk 0:02:59]} 81. f8=Q {[%clk 0:00:35]}  Qd4+ {[%clk 0:03:04]} 82. Kg3 {[%clk 0:00:33]}  b5 {[%clk 0:03:06]} 83. Kf3 {[%clk 0:00:22]}  b4 {[%clk 0:03:09]} 84. Ke2 {[%clk 0:00:18]}  Kb2 {[%clk 0:02:58]} 85. Qc8 {[%clk 0:00:07]}  b3 {[%clk 0:03:15]} 86. Qb7 {[%clk 0:00:10]}  Qc3 {[%clk 0:03:14]} 87. Qb8 {[%clk 0:00:08]}  Qc2 {[%clk 0:03:12]} 88. Ke1 {[%clk 0:00:11]}  Kb1 {[%clk 0:03:15]} 89. Qb4 {[%clk 0:00:07]}  Qd3 {[%clk 0:03:14]} 90. Qc5 {[%clk 0:00:07]}  Kb2 {[%clk 0:03:10]} 91. Qb6 {[%clk 0:00:09]}  Kc2 {[%clk 0:03:13]} 92. Qa7 {[%clk 0:00:07]}  b2 {[%clk 0:03:11]} 93. Qa2 {[%clk 0:00:08]}  Kc1 {[%clk 0:03:14]} 0-1

[Event "Rapid Tournament (RAP)"]
[Site "Biel, CH"]
[Date "2025.07.13"]
[Round "2"]
[White "Erne, Raphael"]
[Black "Aryan Goyal"]
[Result "1-0"]
[Board "19"]
[WhiteFideId "1341928"]
[BlackFideId "366108825"]
[WhiteElo "2159"]
[BlackElo "1884"]
[WhiteTeam "SUI"]
[BlackTeam "IND"]
[WhiteClock "0:00:29"]
[BlackClock "0:02:54"]
[Variant "Standard"]

1. c4 {[%clk 0:15:07]}  Nf6 {[%clk 0:15:07]} 2. g3 {[%clk 0:15:03]}  e6 {[%clk 0:15:04]} 3. Bg2 {[%clk 0:14:58]}  d5 {[%clk 0:15:10]} 4. Nf3 {[%clk 0:14:53]}  Be7 {[%clk 0:15:12]} 5. d4 {[%clk 0:14:47]}  O-O {[%clk 0:15:12]} 6. Qc2 {[%clk 0:14:15]}  b6 {[%clk 0:14:47]} 7. cxd5 {[%clk 0:15:19]}  exd5 {[%clk 0:14:33]} 8. O-O {[%clk 0:15:10]}  Bb7 {[%clk 0:14:52]} 9. Nc3 {[%clk 0:14:35]}  Nbd7 {[%clk 0:14:48]} 10. Bf4 {[%clk 0:13:58]}  a6 {[%clk 0:14:33]} 11. Rad1 {[%clk 0:13:56]}  Rc8 {[%clk 0:13:24]} 12. Ne5 {[%clk 0:12:52]}  Bd6 {[%clk 0:11:27]} 13. Qf5 {[%clk 0:09:15]}  g6 {[%clk 0:10:42]} 14. Qh3 {[%clk 0:08:44]}  Nb8 {[%clk 0:08:28]} 15. Bg5 {[%clk 0:08:17]}  Be7 {[%clk 0:07:13]} 16. Qh4 {[%clk 0:07:59]}  Re8 {[%clk 0:06:13]} 17. Bh3 {[%clk 0:07:12]}  Nbd7 {[%clk 0:03:45]} 18. Bxd7 {[%clk 0:07:06]}  Nxd7 {[%clk 0:08:36]} 19. Nxf7 {[%clk 0:06:17]}  Kxf7 {[%clk 0:07:52]} 20. Qxh7+ {[%clk 0:03:57]}  Ke6 {[%clk 0:07:44]} 21. Qxg6+ {[%clk 0:03:47]}  Bf6 {[%clk 0:07:26]} 22. e4 {[%clk 0:01:58]}  dxe4 {[%clk 0:07:06]} 23. d5+ {[%clk 0:01:26]}  Ke7 {[%clk 0:06:16]} 24. Qg7+ {[%clk 0:02:50]}  Kd6 {[%clk 0:04:57]} 25. Bf4+ {[%clk 0:01:42]}  Kc5 {[%clk 0:04:32]} 26. Be3+ {[%clk 0:01:33]}  Kd6 {[%clk 0:04:27]} 27. Bf4+ {[%clk 0:01:29]}  Kc5 {[%clk 0:04:00]} 28. Qg6 {[%clk 0:00:38]}  Bxc3 {[%clk 0:03:42]} 29. Rc1 {[%clk 0:00:12]}  Qf6 {[%clk 0:03:38]} 30. Rxc3+ {[%clk 0:00:08]}  Kb5 {[%clk 0:03:25]} 31. Qg4 {[%clk 0:00:19]}  Nc5 {[%clk 0:03:02]} 32. Rfc1 {[%clk 0:00:06]}  Bxd5 {[%clk 0:03:12]} 33. Qe2+ {[%clk 0:00:03]}  Nd3 {[%clk 0:03:13]} 34. Rxd3 {[%clk 0:00:21]}  exd3 {[%clk 0:02:52]} 35. Qxd3+ {[%clk 0:00:25]}  Kb4 {[%clk 0:02:45]} 36. Bd2+ {[%clk 0:00:21]}  Ka4 {[%clk 0:02:54]} 37. Qa3+ {[%clk 0:00:29]} 1-0